Statistiques concernant Devinez le Pays Mystère #32

Cliquez ici pour prendre le quiz!

Statistiques générales

  • Ce quiz a été pris 406 fois
  • Le résultat moyen est 13 sur 19

Statistiques - réponses

Type de RéponseRéponse% Correct
Lettre TrouvéeE
100%
Lettre TrouvéeA
99%
Lettre TrouvéeL
94%
Lettre TrouvéeA
91%
Lettre TrouvéeG
86%
Lettre TrouvéeT
85%
Lettre TrouvéeU
78%
Lettre TrouvéeM
76%
Lettre Bien PlacéeT
69%
Lettre Bien PlacéeU
69%
Lettre Bien PlacéeA
58%
Lettre Bien PlacéeL
55%
Lettre TrouvéeA
53%
Lettre Bien PlacéeA
50%
Lettre Bien PlacéeA
50%
Lettre Bien PlacéeE
50%
Lettre Bien PlacéeG
50%
Pays MystèreGuatemala
50%
Lettre Bien PlacéeM
50%

Distribution des résultats

Percentile par nombre de réponses

% des personnes avec chaque résultat

Votre développement - résultats

Vous n’avez pas pris ce quiz